| 000 | 01182cam a22002771i 4500 | ||
|---|---|---|---|
| 003 | SA-RiAUC | ||
| 005 | 20250126083108.0 | ||
| 008 | 250125s2002 le g b 000 0cara c | ||
| 040 |
_aJO-AmJU _bara _cSA-RiAUC _erda |
||
| 082 | 0 | 4 | _a922.58 |
| 090 |
_a922.58 _bت ن ب |
||
| 100 | 1 |
_aالتنبكتي، أحمد بابا بن أحمد بن أحمد، _d963-1036 هجري _eمؤلف. |
|
| 245 | 1 | 0 |
_aكفاية المحتاج لمعرفة من ليس في الديباج في تراجم المالكية / _cأحمد بابا التنبكتي ؛ تحقيق أبي يحيى عبد الله الكندري. |
| 250 | _aالطبعة الأولى. | ||
| 264 | 1 |
_aبيروت : _bدار ابن حزم، _c2002 |
|
| 300 |
_a530 صفحة ؛ _c24 سم |
||
| 336 |
_aنص _btxt _2rdacontent _3كتاب |
||
| 337 |
_aبدون وسيط _bn _2rdamedia |
||
| 338 |
_aمجلد _bnc _2rdacarrier |
||
| 504 | _aيشتمل على إرجاعات ببليوجرافية. | ||
| 590 | _aخلود. | ||
| 650 | 7 |
_aالفقهاء المالكية _vتراجم _2aucsh |
|
| 700 | 1 |
_aالكندري، عبد الله محمد _eمحقق. |
|
| 942 |
_2ddc _cBOOK _n0 |
||
| 949 |
_aSA-JeALM _d250125 _uosman123 _n1 |
||
| 999 |
_c5267 _d5267 |
||